000 00438nam a22001217a 4500
082 _a200 THE
100 _aAyesha Mehboob
_970389
245 _aTH-SOF-1680-A Deep Learning based Approach for Grading of Diabetic Retinopathy using Large Fundus image Dataset
260 _aISLAMABAD
_bNUST COLLEGE OF EME
_c2019
650 _aMS-COMPUTER ENGINEERING-2016 MSTHESIS
700 _aSupervisor: Dr. Muhammad Usman Akram
_969721
942 _cCF
_2ddc
999 _c577370
_d577370